000 00621nam a2200229Ia 4500
003 OSt
005 20220928124148.0
006 a|||||r|||| 00| 0
007 ta
008 220927b |||||||| |||| 00| 0 eng d
024 _a32945
037 _cTextual
040 _aSDCL
_cSDCL
_beng
041 _2eng
_aeng
082 _aV2:19(zM)'N6, N9
100 _aSingh Amarinder
_9463590
245 0 _aLest we forget
260 _aNew Delhi
_bRegiment of Ludhiana Welfare Association
_c1999
300 _axv,450p
_ccm.
942 _hV2:19(zM)'N6, N9
_cTEXL
_2CC
999 _c776486
_d776486